A történetfilozófia feladata és Ernst Troeltsch elmélete
Elmentve itt :
| Szerző: | |
|---|---|
| Adatforrás: | Philobibl |
| Dokumentumtípus: | Könyv |
| Nyelv: | magyar |
| Kulcsszavak: | történetfilozófia Troeltsch, E. |
| Megjelent: |
Szeged
1931
|
| Sorozat: | Acta litterarum ac Regiae Univ. Hungaricae Francisco-Josephinae. Sectio philosophica. IV. 1.
|
| LEADER | 00589nam a2200157 c 4500 | ||
|---|---|---|---|
| 001 | bibDOK00006513 | ||
| 005 | 20200924120238.2 | ||
| 008 | 060518s1931 hu hun | ||
| 100 | 1 | |a Joó Tibor | |
| 245 | 1 | 2 | |a A történetfilozófia feladata és Ernst Troeltsch elmélete |c Joó Tibor |
| 260 | |a Szeged |c 1931 | ||
| 300 | |a 107 p. | ||
| 490 | 1 | |a Acta litterarum ac Regiae Univ. Hungaricae Francisco-Josephinae. Sectio philosophica. IV. 1. | |
| 695 | |a történetfilozófia | ||
| 695 | |a Troeltsch, E. | ||
| 830 | 0 | |a Acta litterarum ac Regiae Univ. Hungaricae Francisco-Josephinae. Sectio philosophica. IV. 1. | |